书目信息 |
| 题名: |
2001中国电视红皮书
|
|
| 作者: | ;2001中国电视节目榜组委会 , 新锐2000广告公司 , 新周刊杂志社 编著 | |
| 分册: | ||
| 出版信息: | 桂林 漓江出版社 2002.4 |
|
| 页数: | 217页 | |
| 开本: | 21cm | |
| 丛书名: | ||
| 单 册: | ||
| 中图分类: | G223 | |
| 科图分类: | ||
| 主题词: | 电视节目--评论--中国 | |
| 电子资源: | ||
| ISBN: | 7-5407-2820-5 | |
| 000 | 00863nam0 2200241 45 | |
| 001 | 012004000000 | |
| 005 | 20041207152620.50 | |
| 010 | @a7-5407-2820-5@dCNY 25.00 | |
| 100 | @a20040920d2002 em y0chiy0121 ea | |
| 101 | 0 | @achi |
| 102 | @aCN@b450000 | |
| 105 | @aakf z 000yy | |
| 200 | 1 | @a2001中国电视红皮书@A2001 zhong guo dian shi hong pi shu@f2001中国电视节目榜组委会, 新锐2000广告公司, 《新周刊》杂志社编著 |
| 210 | @a桂林@c漓江出版社@d2002.4 | |
| 215 | @a217页@c图, 表格, 照片@d21cm | |
| 517 | 1 | @a中国电视红皮书 |
| 606 | 0 | @a电视节目@x评论@y中国 |
| 690 | @aG223@v4 | |
| 711 | 02 | @a2001中国电视节目榜组委会@A2001 zhong guo dian shi jie mu bang zu wei hui@4编著 |
| 711 | 02 | @a新锐2000广告公司@Axin rui 2000 guang gao gong si@4编著 |
| 711 | 02 | @a新周刊杂志社@Axin zhou kan za zhi she@4编著 |
| 801 | 0 | @aCN@bQSSKw@c20041207 |
| 905 | @a10447@dG223@eE097 | |
| 2001中国电视红皮书/2001中国电视节目榜组委会, 新锐2000广告公司, 《新周刊》杂志社编著.-桂林:漓江出版社,2002.4 |
| 217页:图, 表格, 照片;21cm |
| ISBN 7-5407-2820-5:CNY 25.00 |
| ● |
| 相关链接 |
|
|
|
正题名:2001中国电视红皮书
索取号:G223/E097
 
预约/预借
| 序号 | 登录号 | 条形码 | 馆藏地/架位号 | 状态 | 备注 |
| 1 | 431249 | 204312494 | 社科库409/409社科库 58排3列2层/ [索取号:G223/E097] | 在馆 | |
| 2 | 431250 | 204312500 | 社科库409/409社科库 58排3列2层/ [索取号:G223/E097] | 在馆 | |
| 3 | 431251 | 204312519 | 社科库409/409社科库 58排3列2层/ [索取号:G223/E097] | 在馆 |